000 00528nam a2200181Ia 4500
008 151018s9999 xx 000 0 und d
082 _bRBASDV53382
_a891.463
100 _aसंजय बा नाईक
245 _aमँकचा विडो
250 _b1
260 _bजिद्द
_c2009
300 _a136
600 _aसंजय बा नाईक
630 _aमँकचा विडो
700 _aसंजय बा नाईक
730 _aमँकचा विडो
942 _cBOOK
999 _c1051482
_d1051479